Hansel und Gretel-Riduzione per pianoforte (Record n. 73868)
[ formato base ]
| 000 -LEADER | |
|---|---|
| fixed length control field | 00925nam a2200301Ia 4500 |
| 001 - CONTROL NUMBER | |
| control field | C0393 |
| 003 - CONTROL NUMBER IDENTIFIER | |
| control field | IT-RoPAU |
| 008 - FIXED-LENGTH DATA ELEMENTS--GENERAL INFORMATION | |
| fixed length control field | 130308s9999 xx 000 0 und d |
| 040 ## - CATALOGING SOURCE | |
| Original cataloging agency | IT-RoPAU |
| 040 ## - CATALOGING SOURCE | |
| Transcribing agency | IT-RoPAU |
| 041 ## - LANGUAGE CODE | |
| Language code of text/sound track or separate title | TEDESCO |
| 999 ## - SYSTEM CONTROL NUMBERS (KOHA) | |
| Koha Dewey Subclass [OBSOLETE] | SI |
| 100 ## - MAIN ENTRY--PERSONAL NAME | |
| Personal name | Humperdinck Engelber |
| 100 ## - MAIN ENTRY--PERSONAL NAME | |
| Miscellaneous information | Codice Aut. SPICS: 5375 |
| 245 ## - TITLE STATEMENT | |
| Title | Hansel und Gretel-Riduzione per pianoforte |
| 245 ## - TITLE STATEMENT | |
| Remainder of title | Hansel Und Gretel-Riduzione per Pianoforte |
| 250 ## - EDITION STATEMENT | |
| Edition statement | 1a ed. |
| 260 ## - PUBLICATION, DISTRIBUTION, ETC. (IMPRINT) | |
| Place of publication, distribution, etc. | MAINZ |
| 260 ## - PUBLICATION, DISTRIBUTION, ETC. (IMPRINT) | |
| Name of publisher, distributor, etc. | Schott'S Sohne |
| 260 ## - PUBLICATION, DISTRIBUTION, ETC. (IMPRINT) | |
| Date of publication, distribution, etc. | 1894 [1° Ed.:1894 - Ed.Ling.Originale:1893] |
| 300 ## - PHYSICAL DESCRIPTION | |
| Extent | "116 p. (prefazione: 2; testo: 114 [pagine: 0-0])" |
| 500 ## - GENERAL NOTE | |
| General note | Fiaba Musicale in Due Atti su libretto di Adelheid Wette. Prima Rappresentazionme al Teatro di Corte di Weimar Il 23 Dicembre 1893. |
| 650 ## - SUBJECT ADDED ENTRY--TOPICAL TERM | |
| Topical term or geographic name as entry element | AUTORI/OPERE DI MUSICA |
| 650 ## - SUBJECT ADDED ENTRY--TOPICAL TERM | |
| Relator term | Codice materia Spics: 7007 |
| 942 ## - ADDED ENTRY ELEMENTS (KOHA) | |
| Koha item type | LIBRO |
| 957 ## - | |
| -- | 1 |
| 999 ## - SYSTEM CONTROL NUMBERS (KOHA) | |
| -- | 1 |
| Withdrawn status | Lost status | Damaged status | Not for loan | Home library | Current library | Date acquired | Total Checkouts | Full call number | Date last seen | Price effective from | Koha item type | Public note |
|---|---|---|---|---|---|---|---|---|---|---|---|---|
| Buone Condizioni | Not For Loan | SPICS-MEDIATECA | SPICS-MEDIATECA | 08/03/2013 | C0393 | 08/03/2013 | 08/03/2013 | LIBRO | Progressivo inserimento: 48091 / N. Volumi: 1 Copie: 1 Copia Rara: SI / data import: 1 marzo 2013 - By Epidotti, Trombetti, Vaglietti. |